Съчинения (Запис номер 35205)
[ съкратено ]
| 000 -Лидер | |
|---|---|
| Контролно поле с фиксирана дължина | 02089nam a2200361 a 4500 |
| 003 - Код на организацията, давaща контролен номер | |
| Контролно поле | BLK |
| 005 - Дата и час на последна редакция | |
| Контролно поле | 20250225005543.0 |
| 008 - Елементи от данни с фиксирана дължина | |
| fixed length control field | 180408b bul|||||r ||||||| ||bul|| |
| 010 ## - Наследен системен номер | |
| LC control number | KNG00037930000 |
| 040 ## - Източник на каталожния запис | |
| Идентификатор на билиотеката - собственик на записа | BLK |
| 041 ## - Код за език | |
| Код за езика на текст/звукозапис или на отделно заглавие | Български |
| Код за езика КДБФ | Български |
| 072 #7 - Код за тематичната категория | |
| Код организация | bullib |
| Код за тематична категория | А |
| Текст | Фонд Михаил Арнаудов |
| 080 ## - УДК | |
| Текстов определител УДК | Българска литература |
| УДК код - определител по УДК | 821.163.2 |
| УДК определител | -8 |
| УДК - код + определител | 821.163.2-8 |
| 100 ## - Редна дума - Автор | |
| Автор | Ботев, Христо |
| Дати, свързани с автора | 1848 - 1876 |
| Пълна форма на името | Петков, Христо Ботев |
| Авторска отговорност | първи автор |
| R(LIN) | 364222 |
| 139 ## - Редно поле | |
| Редна дума | Ботев, Христо |
| Авторски знак | Ботев, Хр. - Б 70 |
| 245 10 - Сведения за заглавието | |
| Заглавие | Съчинения |
| Редно поле (дума) | Христо Ботев; нова ред. Иванка Христова Ботева-Христова; нова ред. Иван Георгиев Клинчаров. |
| 257 ## - Страна на издаване | |
| Страна на създаване/издаване | България |
| 260 ## - Област на издателските данни | |
| Име на издателя, разпространителя и проч. | Изд. ред. |
| Година на издаване | 1907 |
| Печатница | София : Държ. печ. |
| Място на издаване, разпространение и проч. | София |
| 300 ## - Физическа характеристика | |
| Страници | ХІV, 487 с. |
| Илюстрации и др. | с ил., портр., факс. |
| Размери/Мащаб | 23 см |
| Съпровождащи материали | 1 л. : календар |
| 380 ## - Жанр | |
| Жанр | Худож. лит. |
| 490 ## - СЕРИИ (Колекции) | |
| 9 (RLIN) | 396381 |
| Име на серия | Частна колекция - Академик Михаил Арнаудов |
| Бележки за серията | Дарение - Основен фонд |
| 500 ## - Общи забележки | |
| Забележка | Кн. съдържа писмото на Хр. Ботйова до жена му Венета, биогр. чертици за Иванка Хр. Ботйова. - Фонд Михаил Арнаудов - съдържа инициали на Михаил Арнаудов ; Датиране на кн.: февруарий 1907 ; Подчертавания в текста и бележки: с. 5, 7, 31, 341-374, 378-381, 398. - Твърда подв. |
| 659 ## - Тематичен бюлетин | |
| Тематичен бюлетин | А |
| 700 1# - Други автори (авторска отговорност) | |
| Лично име | Ботева-Христова, Иванка Христова |
| Автороска отговорност (Описва отношението между автора и произведението) | нова ред. |
| 9 (RLIN) | 274180 |
| 700 1# - Други автори (авторска отговорност) | |
| Лично име | Клинчаров, Иван Георгиев |
| Автороска отговорност (Описва отношението между автора и произведението) | нова ред. |
| 9 (RLIN) | 274181 |
| 852 ## - Местоположение | |
| Форматна сигнатура | Цб 304882 |
| Фондова буква | Хранилище |
| 852 ## - Местоположение | |
| Форматна сигнатура | Цб 304883 |
| Фондова буква | Хранилище |
| 852 ## - Местоположение | |
| Форматна сигнатура | Цб МА 1929 |
| Фондова буква | Фонд "Михаил Арнаудов" |
| 852 ## - Местоположение | |
| Форматна сигнатура | Цб 8.235.34614 |
| Фондова буква | Хранилище |
| 999 ## - СИСТЕМНИ КОНТРОЛНИ НОМЕРА | |
| Koha biblionumber | 35205 |
| Koha biblioitemnumber | 35205 |
| 942 ## - АРТИКУЛИ | |
| Вид на библиотечния материал | Книги |
| Скрит в OPAC | Не |
| Периодичен библиозапис | Да |
| Koha issues (borrowed), all copies | 1 |
| 944 ## - СЪЗДАВАНЕ И РЕДАКЦИЯ на ЗАПИСА | |
| Създаване/Редакция | Създаване |
| Дата на регистрацията/редакция | 06.01.2017 |
| Служител, извършил регистрацията/редакцията | |
| Статус, дата на статуса | CRON CRON |
| 944 ## - СЪЗДАВАНЕ И РЕДАКЦИЯ на ЗАПИСА | |
| Създаване/Редакция | Редакция |
| Дата на регистрацията/редакция | 2021-08-20 |
| Служител, извършил регистрацията/редакцията | Ренета Константинова |
| Код за отписване | Код за изгубен артикул | Източник на класификационната схема | Код за повреда | Коз за рестрикции | Код за отдаване | Артикулен № | Име на библиотеката - собственик | Име на библиотеката, в която се намира в момента | Статус (Текущо местоположение) | Дата на вписване в системата | Местоположение - отдел | Цена в лева | Инвентарен номер | Систематично азбучна сигнатура | Баркод | Номер на екземпляра | Цена в евро | Служебна бележка | Служебен тип на артикула |
|---|---|---|---|---|---|---|---|---|---|---|---|---|---|---|---|---|---|---|---|
| Не е изгубен | Universal Decimal Classification | Не е повреден | само за читалня | ползва се в читалня | 55731 | Регионална библиотека "Любен Каравелов" Русе | Регионална библиотека "Любен Каравелов" Русе | Хранилище | 1907-01-01 | Основен фонд - ползва се само за читалня | 0.00 | 453786 | Цб 304883 | 120000453786 | 1 | 0.00 | Дост: Pk Вид: Ф N: стар фонд Дата: 01.01.1907 | Книги | |
| Не е изгубен | Universal Decimal Classification | Не е повреден | само за читалня | ползва се в читалня | 55732 | Регионална библиотека "Любен Каравелов" Русе | Регионална библиотека "Любен Каравелов" Русе | Хранилище | 1907-01-01 | Основен фонд - ползва се само за читалня | 0.00 | 608715 | Цб 304882 | 120000608715 | 2 | 0.00 | Дост: Pk Вид: Ф N: стар фонд Дата: 01.01.1907 | Книги | |
| Не е изгубен | Universal Decimal Classification | Не е повреден | само за читалня | Специални фондове ( старопечатни, редки и ценни, фонд М. Арнаудов) | 55733 | Регионална библиотека "Любен Каравелов" Русе | Регионална библиотека "Любен Каравелов" Русе | Фонд "Михаил Арнаудов" | 1973-01-01 | Фонд "Михаил Арнаудов" | 5.00 | 590184 | МА 1929 | 120000590184 | 3 | 2.56 | Дост: DA Вид: А N: стар фонд Дата: 01.01.1973 | Книги | |
| Не е изгубен | Universal Decimal Classification | Не е повреден | само за читалня | ползва се в читалня | 849788 | Регионална библиотека "Любен Каравелов" Русе | Регионална библиотека "Любен Каравелов" Русе | Хранилище | 2021-08-23 | Основен фонд - ползва се само за читалня | 0.64 | 34614 | Цб 8.235.34614 | 900000075374 | 0.33 | Книги |